01157cpcaa2200277 a 4500001001300000003000400013005001700017008004100034010001700075040002400092072001200116100003400128245005400162300001300216506002200229520016000251546003600411580005700447600005200504651003300556651006400589651007500653651006200728651007200790999001700862mm 79004467 DLC20260227111646.0791217|||||||||||| eng  amm 79004467  aDLCcDLCedacsdDLC 7aC2lcmd1 aStringer, Samuel,d1734-1817.00aSamuel Stringer correspondence,f1775 October 10. a1fitem.0 aOpen to research.8 aALS written by Stringer to Walter Livingston, commissary general for New York state, requesting furnishings for the hospital at Fort George, New York, N.Y. aCollection material in English. aForms part of: Miscellaneous Manuscripts collection.10aLivingston, Walter,d1740-1797vCorrespondence. 0aFort George (New York, N.Y.) 0aNew York (N.Y.)xHistoryyRevolution, 1775-1783xHospitals. 0aNew York (State)xHistoryyRevolution, 1775-1783xSupplies and stores. 0aUnited StatesxHistoryyRevolution, 1775-1783xHospitals. 0aUnited StatesxHistoryyRevolution, 1775-1783xSupplies and stores. c41540d41540